000 00216 a2200097 4500
001 28321
100 _aCrosson, F J
245 _aPhilosophy and Cybernetics
260 _a
_bSimon & Schusler
_c
090 _c18930
_d18930
942 _aNUST-CAE
_cM
_c9925
999 _c263394
_d263394